| 000 | 01514nam a2200301 ia4500 | ||
|---|---|---|---|
| 005 | 20260108140746.0 | ||
| 008 | 260107t20222022uk a ar 000 0 eng d | ||
| 020 |
_a9781835150542 _cRM59.90 _qpaperback |
||
| 040 |
_aPPAK _beng _cPPAK _erda |
||
| 082 | 0 | 4 |
_223 _a428.1 |
| 090 | 0 | 0 |
_a428.1 _bANI _dK |
| 245 | 0 | 0 |
_aAnimals / _cIllustrations by Jordan Wray |
| 264 | 1 |
_aThaxted, United Kingdom : _bMiles Kelly Publishing Ltd., _c2022 |
|
| 264 | 4 | _c©2022 | |
| 300 |
_a48 pages : _bcolour illustrations ; _c24 x 24 cm |
||
| 336 |
_atext _2rdacontent |
||
| 337 |
_aunmediated _2rdamedia |
||
| 338 |
_avolume _2rdacarrier |
||
| 490 | 1 | _aWonderful Words | |
| 520 | _aLittle ones will love discovering the names of all sorts of animal friends with this delightful book of words. With lots to talk about on every page children will adore the brightness and detail in this book. Simple prompts and questions boost engagement and every animal is clearly labelled to help build vocabulary and introduce new words. • Introduce children to a variety of animal-related vocabulary • Themed pages explore familiar places and environments • Bright, engaging illustrations • Additional questions throughout help prompt little readers’ curiosity. | ||
| 521 | 0 | _aReading Age: 3+ | |
| 650 | 1 | 0 | _aVocabulary |
| 650 | 2 | 0 |
_aEnglish language _xUsage |
| 650 | 2 | 0 |
_aEnglish language _xGrammar |
| 700 | 1 |
_aWray, Jordan, _eillustrator. |
|
| 830 | 0 | _aWonderful words | |
| 942 |
_2ddc _cB |
||
| 999 |
_c202636 _d202636 |
||